النظام السياسي في مملكة البحرين : (Record no. 5768)

MARC details
000 -الفاتح
حقل البيانات ثابتة الطول 00660nac a22001451u 4500
008 - عناصر البيانات ثابتة الطول - معلومات عامة
حقل البيانات ثابتة الطول 090318s2004 xxu||||| |||| 00| 0 ara d
020 ## - الرقم الدولى المعيارى للكتب
الرقم الدولى المعيارى للكتاب 9990109451
082 ## - رقم تصنيف ديوى العشرى
رقم التصنيف 320.95365
رقم المادة ج ل ا
245 ## - بيان العنوان
العنوان النظام السياسي في مملكة البحرين :
بقية العنوان الإصلاح في إطار الهوية /
بيان المسئوليه,etc محمد نعمان جلال
260 ## - PUBLICATION, DISTRIBUTION, ETC. (IMPRINT)
مكان الناشر او الموزع المنامة :
اسم الناشر او الموزع مركز البحرين للدراسات والبحوث ،2004
تاريخ النشر أو التوزيع 2004.
300 ## - الوصف المادى
التعداد 117 ص ؛
أبعاد الوعاء 24 سم.
504 ## - تبصرة ببليوجرافية
تبصرة ببليوجرافية,الخ يشتمل على إرجاعات ببلوجرافية ص 107-117
650 ## - المدخل الاضافى بالموضوع-مصطلح موضوعى
مصطلح موضوعي أو اسم جغرافي كعنصر مدخل الإصلاحات السياسية
9 (RLIN) 22209
التقسيم الفرعي الجغرافي البحرين
942 ## - عناصر المدخل الإضافي( كوها)
Koha [default] item type Book - Borrowing
سابقة رقم الطلب 320.95365ج ل ا
مصدر التصنيف او مخطط الترفيف Dewey Decimal Classification
Holdings
حالة التراجع حالة الفقد مصدر التصنيف او خطة الترفيف حالة تلف ليس للاعارة مجموعات كوها المكان الدائم المكان الحالي موقع الترفيف تاريخ الاكتساب Source of acquisition رقم الاستدعاء الباركود Date last seen مُعار نوع الوعاء
    Dewey Decimal Classification     Alef-Baa Central Library Central Library First floor 07/11/2005   320.95365 ج ل ا 000007418 15/07/2025 18/04/2017 Book - Borrowing